000 00759nam a2200241 u 4500
005 20240228064118.0
008 130214s2001 es r 000 0 spa d
020 _a8484700348 (10 dígitos)
020 _a9788484701149 (13 dígitos)
035 _aUPN01000189604
049 _aI
050 4 _aPZ28
_bA4.6
100 1 _aAllancé, Mireille d',
_d1958-
_933452
245 1 1 _a¡No, no y no! /
_cMireille d' Allancé ; tr Paula Vicens.
260 _aBarcelona, Esp. :
_bCorimbo,
_c2001.
300 _a24 P. :
_bprincipalmente il. col.
534 _pTítulo original:
_tNon, non et non!
650 4 _aLiteratura infantil francesa
_913687
650 4 _aLibros y lectura para niños
_92290
905 _aInfantil
999 _c161707
_d161707